| 000 | 00477nam a2200169 a 4500 | ||
|---|---|---|---|
| 005 | 20140310183415.0 | ||
| 008 | 070918s19uu xx 00 eng d | ||
| 020 | _a9781904772286 | ||
| 050 |
_aN 350 _b.M34 2005 |
||
| 245 |
_aMagic moments : _bcollaboration between artists and young people / |
||
| 260 |
_aU.S.A : _bBlack Dog Publishing, _c2005. |
||
| 300 |
_a271 p. : _bcol. ill. ; _c25 cm. |
||
| 521 | _aMA | ||
| 650 | _aArtists. | ||
| 942 |
_cBK _2lcc _kFOR |
||
| 999 |
_c22555 _d22555 |
||